communication and interpersonal skills in social work/ (Record no. 8977)
[ view plain ]
| 000 -LEADER | |
|---|---|
| fixed length control field | 00542nam a22001937a 4500 |
| 003 - CONTROL NUMBER IDENTIFIER | |
| control field | OSt |
| 005 - DATE AND TIME OF LATEST TRANSACTION | |
| control field | 20240627110827.0 |
| 008 - FIXED-LENGTH DATA ELEMENTS--GENERAL INFORMATION | |
| fixed length control field | 240627b |||||||| |||| 00| 0 eng d |
| 020 ## - INTERNATIONAL STANDARD BOOK NUMBER | |
| International Standard Book Number | 9781844451531 |
| 040 ## - CATALOGING SOURCE | |
| Transcribing agency | MUST |
| 082 ## - DEWEY DECIMAL CLASSIFICATION NUMBER | |
| Edition number | 22 |
| Classification number | 361.3 KOP 2008 |
| 100 ## - MAIN ENTRY--PERSONAL NAME | |
| Personal name | Koprowska, Juliet |
| 9 (RLIN) | 18203 |
| 245 ## - TITLE STATEMENT | |
| Title | communication and interpersonal skills in social work/ |
| Statement of responsibility, etc. | juliet Koprowska |
| 250 ## - EDITION STATEMENT | |
| Edition statement | 2nd |
| 300 ## - PHYSICAL DESCRIPTION | |
| Extent | vii, 179p. |
| Other physical details | ill. : |
| Dimensions | 24cm |
| 504 ## - BIBLIOGRAPHY, ETC. NOTE | |
| Bibliography, etc | includes references and index |
| 650 ## - SUBJECT ADDED ENTRY--TOPICAL TERM | |
| Source of heading or term | commuinication skills |
| 942 ## - ADDED ENTRY ELEMENTS (KOHA) | |
| Source of classification or shelving scheme | Dewey Decimal Classification |
| Koha item type | Open Shelf |
| Withdrawn status | Lost status | Source of classification or shelving scheme | Damaged status | Not for loan | Home library | Current library | Date acquired | Inventory number | Total Checkouts | Full call number | Barcode | Date last seen | Price effective from | Koha item type | Source of acquisition |
|---|---|---|---|---|---|---|---|---|---|---|---|---|---|---|---|
| Dewey Decimal Classification | MUST Main Library | MUST Main Library | 27/06/2024 | 11/33395 | 361.3 KOP 2008 | 2024-21529 | 27/06/2024 | 27/06/2024 | Open Shelf | ||||||
| Dewey Decimal Classification | MUST Main Library | MUST Main Library | 09/07/2024 | 11/35097 | 361.3 KOP 2008 | 2024-21854 | 09/07/2024 | 09/07/2024 | Open Shelf | Donation |
